000 00507nam a2200193Ia 4500
008 151119s9999||||xx |||||||||||||| ||und||
082 _a181.4
082 _bGKKV24964
100 _aजैमलसिह बाबा
245 _aअमृत वचन
260 _a--
260 _b--
260 _c0
600 _aजैमलसिह बाबा
630 _aअमृत वचन
700 _aजैमलसिह बाबा
730 _aअमृत वचन
942 _cBOOK
999 _c1077517
_d1077514